All Core Based Statistical Areas in the United States on a Map - Statistics

General Stats
  • This quiz has been taken 708 times
  • The average score is 325 of 935
Answers on the Map
Answers color-coded by a green-red scale on the quiz's map according to % correct below.
 
Answer Stats
Primary City Pop. % Correct
New York MSA NY 19,498,249
91%
Chicago MSA IL 9,262,825
90%
Seattle MSA WA 4,044,837
90%
Dallas MSA TX 8,100,037
89%
Houston MSA TX 7,510,253
89%
Jackson MSA MS 610,257
89%
Jackson MSA TN 181,826
89%
Jackson MSA MI 159,424
89%
Jackson μSA WY 35,781
89%
Los Angeles MSA CA 12,799,100
89%
Portland MSA OR 2,508,050
89%
Portland MSA ME 566,329
89%
Washington MSA DC 6,304,975
89%
Boston MSA MA 4,919,179
88%
Denver MSA CO 3,005,131
88%
Detroit MSA MI 4,342,304
88%
Jacksonville MSA FL 1,713,240
88%
Jacksonville MSA NC 213,676
88%
Jacksonville μSA TX 52,217
88%
Jacksonville μSA IL 36,850
88%
Las Vegas MSA NV 2,336,573
88%
Las Vegas μSA NM 30,791
88%
Miami MSA FL 6,183,199
88%
Miami μSA OK 30,287
88%
Philadelphia MSA PA 6,246,160
88%
Phoenix MSA AZ 5,070,110
88%
San Diego MSA CA 3,269,973
88%
Atlanta MSA GA 6,307,261
87%
Austin MSA TX 2,473,275
87%
Austin μSA MN 40,058
87%
Columbus MSA OH 2,180,271
87%
Columbus MSA GA 323,768
87%
Columbus MSA IN 84,003
87%
Columbus μSA MS 67,197
87%
Columbus μSA NE 45,175
87%
Indiana μSA PA 83,094
87%
Indianapolis MSA IN 2,138,468
87%
Kansas City MSA MO 2,221,343
87%
Minneapolis MSA MN 3,712,020
87%
Salt Lake City MSA UT 1,267,864
87%
San Francisco MSA CA 4,566,961
87%
Boise MSA ID 824,657
86%
Buffalo MSA NY 1,155,604
86%
Cleveland MSA OH 2,158,932
86%
Cleveland MSA TN 129,612
86%
Cleveland μSA MS 28,968
86%
Nashville MSA TN 2,102,573
86%
Oklahoma City MSA OK 1,477,926
86%
Pittsburg μSA KS 38,764
86%
Sacramento MSA CA 2,420,608
86%
San Antonio MSA TX 2,703,999
86%
San Jose MSA CA 1,945,767
86%
Springfield MSA MO 491,053
86%
Springfield MSA MA 460,291
86%
Springfield MSA IL 205,445
86%
Springfield MSA OH 134,610
86%
St. Louis MSA MO 2,796,999
86%
Albany MSA NY 904,682
85%
Albany MSA GA 145,508
85%
Albany MSA OR 131,496
85%
Baltimore MSA MD 2,834,316
85%
Charlotte MSA NC 2,805,115
85%
Cincinnati MSA OH 2,271,479
85%
El Paso MSA TX 873,331
85%
Honolulu MSA HI 989,408
85%
New Orleans MSA LA 962,165
85%
Orlando MSA FL 2,817,933
85%
Anchorage MSA AK 401,314
84%
Milwaukee MSA WI 1,560,424
84%
Tampa MSA FL 3,342,963
84%
Albuquerque MSA NM 922,296
83%
Charleston μSA IL 46,060
83%
Des Moines MSA IA 737,164
83%
Louisville MSA KY 1,365,557
83%
Memphis MSA TN 1,335,674
83%
Richmond MSA VA 1,349,732
83%
Richmond μSA KY 126,861
83%
Richmond μSA IN 66,127
83%
Tucson MSA AZ 1,063,162
83%
Charleston MSA SC 849,417
82%
Charleston MSA WV 203,164
82%
Madison MSA WI 694,345
82%
Madison μSA IN 33,056
82%
Pittsburgh MSA PA 2,422,725
82%
Providence MSA RI 1,677,803
82%
Raleigh MSA NC 1,509,231
82%
Rochester MSA NY 1,052,087
82%
Rochester MSA MN 229,077
82%
Tulsa MSA OK 1,044,757
82%
Birmingham MSA AL 1,184,290
81%
Columbia MSA SC 858,302
81%
Columbia MSA MO 216,511
81%
Hartford MSA CT 1,151,543
81%
Little Rock MSA AR 764,045
81%
Omaha MSA NE 983,969
81%
Reno MSA NV 564,782
81%
Virginia Beach MSA VA 1,787,169
81%
Winston-Salem MSA NC 695,630
81%
Baton Rouge MSA LA 873,661
80%
Colorado Springs MSA CO 768,832
80%
Fresno MSA CA 1,180,020
80%
Lincoln MSA NE 344,387
80%
Lincoln μSA IL 27,590
80%
Tallahassee MSA FL 392,645
80%
Augusta MSA GA 629,429
79%
Augusta μSA ME 127,259
79%
Grand Rapids MSA MI 1,162,950
79%
Grand Rapids μSA MN 45,365
79%
Salem MSA OR 436,546
79%
Salem μSA OH 100,182
79%
San Juan MSA PR 2,035,733
79%
Santa Fe MSA NM 155,956
77%
Sioux Falls MSA SD 304,555
77%
Spokane MSA WA 600,292
77%
Toledo MSA OH 600,141
77%
Cheyenne MSA WY 100,984
76%
Dayton MSA OH 814,363
76%
Fairbanks MSA AK 94,840
76%
Fargo MSA ND 262,620
76%
Green Bay MSA WI 331,882
76%
Lansing MSA MI 473,177
76%
Mobile MSA AL 411,640
76%
Savannah MSA GA 424,935
76%
Wichita MSA KS 652,939
76%
Bakersfield MSA CA 913,820
75%
Corpus Christi MSA TX 448,323
75%
Dover MSA DE 189,789
75%
Duluth MSA MN 281,603
75%
Harrisburg MSA PA 606,055
75%
Helena MSA MT 96,091
75%
Knoxville MSA TN 946,264
75%
New Philadelphia μSA OH 91,874
75%
Syracuse MSA NY 652,956
75%
Akron MSA OH 698,398
74%
Billings MSA MT 191,435
74%
Bismarck MSA ND 135,786
74%
Carson City MSA NV 58,036
74%
Eugene MSA OR 381,181
74%
Key West μSA FL 80,614
74%
New Haven MSA CT 568,158
74%
Topeka MSA KS 232,322
74%
Bridgeport MSA CT 951,558
73%
Durham MSA NC 608,879
73%
Erie MSA PA 267,571
73%
Montgomery MSA AL 385,480
73%
Riverside MSA CA 4,688,053
73%
Amarillo MSA TX 272,395
72%
Lexington MSA KY 520,045
72%
Lexington μSA NE 25,932
72%
Lubbock MSA TX 360,104
72%
Olympia MSA WA 299,003
72%
Provo MSA UT 732,197
72%
Washington μSA NC 44,481
72%
Washington μSA IN 33,656
72%
Burlington MSA VT 227,942
71%
Burlington MSA NC 179,165
71%
Burlington μSA IA 44,341
71%
Juneau μSA AK 31,555
71%
Lafayette MSA LA 414,288
71%
Lafayette MSA IN 226,564
71%
Concord μSA NH 157,103
70%
Fayetteville MSA AR 590,337
70%
Flagstaff MSA AZ 144,472
70%
Huntsville MSA AL 527,254
70%
Huntsville μSA TX 81,268
70%
Shreveport MSA LA 383,295
70%
Wilmington MSA NC 467,337
70%
Wilmington μSA OH 41,938
70%
Ann Arbor MSA MI 365,536
69%
Boulder MSA CO 326,831
69%
Chattanooga MSA TN 580,971
69%
Fayetteville MSA NC 392,336
69%
Fayetteville μSA TN 36,169
69%
Manchester MSA NH 427,354
69%
Allentown MSA PA 873,555
68%
Brownsville MSA TX 426,710
68%
Fort Wayne MSA IN 457,842
68%
Greensboro MSA NC 789,842
68%
Trenton MSA NJ 381,671
68%
Worcester MSA MA 866,866
68%
Scranton MSA PA 569,413
67%
Waco MSA TX 304,865
67%
Jefferson μSA GA 88,615
66%
Ogden MSA UT 658,133
66%
Pierre μSA SD 20,667
66%
Utica MSA NY 287,039
66%
Atlantic City MSA NJ 369,823
65%
Cape Coral MSA FL 834,573
65%
Cedar Rapids MSA IA 275,668
65%
Greenville MSA SC 975,480
65%
Greenville MSA NC 175,119
65%
Greenville μSA OH 51,415
65%
Greenville μSA MS 41,946
65%
Laredo MSA TX 269,148
65%
McAllen MSA TX 898,471
65%
Santa Maria MSA CA 441,257
65%
Sioux City MSA IA 144,402
65%
South Bend MSA IN 324,490
65%
Athens MSA GA 222,060
64%
Athens μSA TX 86,158
64%
Athens μSA TN 69,369
64%
Athens μSA OH 62,706
64%
Pensacola MSA FL 530,090
64%
Asheville MSA NC 417,202
63%
Bend MSA OR 260,919
63%
Flint MSA MI 401,522
63%
Gulfport MSA MS 421,916
63%
Stockton MSA CA 800,965
63%
Davenport MSA IA 379,441
62%
Missoula MSA MT 126,939
62%
St. George MSA UT 202,452
62%
Fort Collins MSA CO 370,771
61%
Gainesville MSA FL 352,126
61%
Gainesville MSA GA 217,267
61%
Gainesville μSA TX 43,782
61%
Idaho Falls MSA ID 168,322
61%
Myrtle Beach MSA SC 397,478
61%
Casper MSA WY 79,941
60%
Las Cruces MSA NM 225,210
60%
Lewiston MSA ME 113,765
60%
Midland MSA TX 182,324
60%
Midland MSA MI 84,039
60%
Peoria MSA IL 362,240
60%
Yuma MSA AZ 213,221
60%
Bozeman MSA MT 126,409
59%
Hilo μSA HI 207,615
59%
Macon MSA GA 236,074
59%
Odessa MSA TX 164,494
59%
Oxnard MSA CA 829,590
59%
Tuscaloosa MSA AL 278,290
59%
Bangor MSA ME 155,312
58%
College Station MSA TX 281,445
58%
Youngstown MSA OH 425,969
58%
Evansville MSA IN 270,717
57%
Iowa City MSA IA 180,088
57%
Jefferson City MSA MO 150,733
57%
Rapid City MSA SD 155,974
57%
Deltona MSA FL 721,796
56%
Frankfort μSA KY 76,257
56%
Frankfort μSA IN 32,730
56%
Huntington MSA WV 368,261
56%
Lancaster MSA PA 558,589
56%
Pueblo MSA CO 169,422
56%
Roanoke MSA VA 314,314
56%
Rockford MSA IL 334,124
56%
Texarkana MSA TX 145,907
56%
Eau Claire MSA WI 174,873
55%
Eureka μSA CA 133,985
55%
Grand Junction MSA CO 159,681
55%
Monroe MSA LA 221,885
55%
Monroe MSA MI 155,045
55%
Abilene MSA TX 181,591
54%
Modesto MSA CA 551,430
54%
North Port MSA FL 910,108
54%
Coeur d'Alene MSA ID 185,010
53%
Grand Forks MSA ND 103,120
53%
Kenosha MSA WI 167,488
53%
Panama City MSA FL 216,371
53%
Yakima MSA WA 256,643
53%
Beaumont MSA TX 395,479
52%
Bloomington MSA IL 170,441
52%
Bloomington MSA IN 160,874
52%
Champaign MSA IL 235,608
52%
Ithaca MSA NY 103,558
52%
Kalamazoo MSA MI 262,215
52%
Port St. Lucie MSA FL 536,901
52%
Butte μSA MT 36,360
51%
Canton MSA OH 399,474
51%
Canton μSA IL 32,541
51%
Charlottesville MSA VA 225,127
51%
Palm Bay MSA FL 643,979
51%
Reading MSA PA 432,821
51%
Redding MSA CA 180,366
51%
Alexandria MSA LA 148,171
50%
Alexandria μSA MN 39,953
50%
Bowling Green MSA KY 188,840
50%
Clarksville MSA TN 340,495
50%
Huntington μSA IN 36,781
50%
Lakeland MSA FL 818,330
50%
Santa Rosa MSA CA 481,812
50%
St. Cloud MSA MN 202,577
50%
Wichita Falls MSA TX 149,947
50%
York MSA PA 464,640
50%
Appleton MSA WI 246,433
49%
Great Falls MSA MT 84,900
49%
Killeen MSA TX 501,333
49%
Kiryas Joel MSA NY 704,620
49%
Tyler MSA TX 245,209
49%
Auburn MSA AL 201,585
48%
Auburn μSA NY 74,485
48%
Auburn μSA IN 44,198
48%
Bellingham MSA WA 231,919
48%
Fort Smith MSA AR 231,280
48%
Sault Ste. Marie μSA MI 36,264
48%
Wheeling MSA WV 135,517
48%
Lake Charles MSA LA 240,082
47%
Lake Havasu City MSA AZ 223,682
47%
Laramie μSA WY 38,257
47%
Logan MSA UT 157,887
47%
Marquette μSA MI 66,999
47%
Morgantown MSA WV 141,817
47%
Pocatello MSA ID 90,400
47%
Traverse City MSA MI 156,371
47%
Lynchburg MSA VA 264,590
46%
Manhattan MSA KS 132,831
46%
Norwich MSA CT 279,634
46%
Roswell μSA NM 63,561
46%
Salina μSA KS 58,916
46%
Sparta μSA WI 46,151
46%
Ames MSA IA 125,156
45%
Lewiston MSA ID 65,536
45%
Medford MSA OR 220,768
45%
Naples MSA FL 404,310
45%
Saginaw MSA MI 187,782
45%
Santa Cruz MSA CA 261,547
45%
Walla Walla MSA WA 61,568
45%
Kennewick MSA WA 314,253
44%
Oshkosh MSA WI 171,735
44%
State College MSA PA 157,795
44%
Twin Falls MSA ID 120,635
44%
Binghamton MSA NY 243,792
43%
Dubuque MSA IA 98,887
43%
Kingsport MSA TN 313,025
43%
Lawrence MSA KS 120,553
43%
Minot MSA ND 75,742
43%
Nantucket μSA MA 14,444
43%
San Luis Obispo MSA CA 281,639
43%
Spartanburg MSA SC 383,327
43%
Coco μSA PR 24,718
42%
Elko μSA NV 56,210
42%
Moscow μSA ID 41,301
42%
Napa MSA CA 133,216
42%
Racine MSA WI 196,613
42%
Waterbury MSA CT 456,128
42%
Chico MSA CA 207,172
41%
Greeley MSA CO 359,442
41%
Joplin MSA MO 204,787
41%
La Crosse MSA WI 170,238
41%
Rome MSA GA 100,113
41%
Altoona MSA PA 120,273
40%
Johnson City MSA TN 213,198
40%
Salinas MSA CA 430,723
40%
Blacksburg MSA VA 181,428
39%
Decatur MSA AL 158,635
39%
Decatur MSA IL 100,591
39%
Decatur μSA IN 36,288
39%
Farmington MSA NM 120,675
39%
Farmington μSA MO 67,058
39%
Grand Island MSA NE 76,479
39%
Norfolk μSA NE 48,782
39%
Ocala MSA FL 409,959
39%
St. Joseph MSA MO 118,475
39%
Aberdeen μSA WA 77,290
38%
Aberdeen μSA SD 41,790
38%
Florence MSA AL 155,175
38%
Harrison μSA AR 45,601
38%
Hilton Head MSA SC 232,523
38%
Longview MSA TX 293,498
38%
Longview MSA WA 112,864
38%
Terre Haute MSA IN 168,787
38%
Watertown MSA NY 114,787
38%
Watertown μSA WI 85,743
38%
Watertown μSA SD 28,971
38%
Anniston MSA AL 116,429
37%
Bay City MSA MI 102,500
37%
Bay City μSA TX 36,359
37%
Florence MSA SC 199,630
37%
Hagerstown MSA MD 305,902
37%
Hattiesburg MSA MS 155,740
37%
Henderson μSA KY 56,845
37%
Henderson μSA NC 42,301
37%
Hot Springs MSA AR 99,784
37%
Newport μSA OR 50,821
37%
Newport μSA TN 37,404
37%
Prescott Valley MSA AZ 249,081
37%
San Angelo MSA TX 120,606
37%
Astoria μSA OR 41,102
36%
Jonesboro MSA AR 136,390
36%
Paris μSA TX 62,805
36%
Paris μSA TN 32,554
36%
Visalia MSA CA 479,468
36%
Corvallis MSA OR 97,713
35%
Dothan MSA AL 153,349
35%
Gettysburg MSA PA 106,748
35%
Gillette μSA WY 47,498
35%
Lebanon μSA NH 225,159
35%
Oxford μSA MS 70,853
35%
Sheboygan MSA WI 117,752
35%
Victoria MSA TX 98,808
35%
Waterloo MSA IA 168,162
35%
Barnstable MSA MA 231,735
34%
Dodge City μSA KS 33,980
34%
Jamestown μSA NY 124,891
34%
Jamestown μSA ND 21,392
34%
Lebanon MSA PA 144,252
34%
Lebanon μSA MO 36,680
34%
Michigan City MSA IN 111,706
34%
Muskegon MSA MI 176,564
34%
Owensboro MSA KY 112,512
34%
Salisbury MSA MD 129,710
34%
Sandusky MSA OH 113,838
34%
Tupelo μSA MS 132,027
34%
Vicksburg μSA MS 42,298
34%
Fredericksburg μSA TX 27,733
33%
Merced MSA CA 291,920
33%
Meridian μSA MS 85,755
33%
Mount Vernon MSA WA 131,417
33%
Paducah MSA KY 102,267
33%
Troy μSA AL 33,137
33%
Amherst MSA MA 162,502
32%
Cape Girardeau MSA MO 98,223
32%
Crestview MSA FL 304,818
32%
Harrisonburg MSA VA 137,650
32%
Muncie MSA IN 112,321
32%
Pine Bluff μSA AR 71,039
32%
Valdosta MSA GA 151,118
32%
Winchester MSA VA 147,260
32%
Winchester μSA TN 44,654
32%
Cody μSA WY 30,735
31%
Enid MSA OK 62,023
31%
Fond du Lac MSA WI 103,948
31%
Fremont μSA OH 58,709
31%
Fremont μSA NE 37,187
31%
Kalispell μSA MT 113,679
31%
Pittsfield MSA MA 126,818
31%
Vallejo MSA CA 449,218
31%
Eagle Pass MSA TX 57,762
30%
Janesville MSA WI 164,278
30%
Lawton MSA OK 127,001
30%
Lima MSA OH 100,838
30%
Mount Vernon μSA OH 63,320
30%
Mount Vernon μSA IL 36,320
30%
Parkersburg MSA WV 88,052
30%
Battle Creek MSA MI 133,366
29%
Danville μSA VA 101,408
29%
Danville μSA IL 71,652
29%
Danville μSA KY 55,764
29%
Elkhart MSA IN 206,409
29%
Elmira MSA NY 81,325
29%
Mankato MSA MN 104,248
29%
Nogales μSA AZ 49,158
29%
Sierra Vista MSA AZ 124,640
29%
Taos μSA NM 34,405
29%
Vineland MSA NJ 152,326
29%
Wausau MSA WI 138,612
29%
Bremerton MSA WA 277,658
28%
Pullman μSA WA 48,012
28%
Quincy μSA IL 74,259
28%
Rutland μSA VT 60,271
28%
Cambridge μSA OH 38,089
27%
Cambridge μSA MD 32,879
27%
Carlsbad μSA NM 60,275
27%
Cumberland μSA MD 94,140
27%
Houma MSA LA 198,672
27%
Kearney μSA NE 57,467
27%
Kingston MSA NY 182,333
27%
Port Angeles μSA WA 77,616
27%
Portsmouth μSA OH 71,969
27%
Scottsbluff μSA NE 36,373
27%
Urbana μSA OH 38,845
27%
Williamsport MSA PA 112,724
27%
Branson μSA MO 56,775
26%
Clovis μSA NM 66,009
26%
Durango μSA CO 56,407
26%
Grants Pass MSA OR 87,821
26%
Kokomo MSA IN 83,831
26%
North Platte μSA NE 34,020
26%
Sherman MSA TX 146,907
26%
Warner Robins MSA GA 200,779
26%
Wildwood MSA FL 151,565
26%
Ada μSA OK 38,396
25%
Del Rio μSA TX 47,720
25%
El Centro MSA CA 179,057
25%
Gallup μSA NM 68,797
25%
Johnstown MSA PA 130,668
25%
Ontario μSA OR 59,323
25%
Plattsburgh μSA NY 78,115
25%
Sheridan μSA WY 32,519
25%
Staunton MSA VA 127,344
25%
Stillwater μSA OK 83,352
25%
Yuba City MSA CA 183,670
25%
Ashland μSA OH 52,190
24%
Cedar City μSA UT 64,211
24%
Evanston μSA WY 23,415
24%
Franklin μSA KY 20,195
24%
Hickory MSA NC 370,030
24%
Ponce MSA PR 266,237
24%
Rock Springs μSA WY 41,249
24%
Selma μSA AL 36,165
24%
Boone μSA NC 54,748
23%
Brookings μSA SD 35,980
23%
Brookings μSA OR 23,296
23%
Brunswick MSA GA 116,074
23%
Coos Bay μSA OR 64,212
23%
Holland μSA MI 121,939
23%
Ketchikan μSA AK 13,738
23%
Mansfield MSA OH 125,064
23%
Mount Pleasant μSA MI 64,118
23%
Mount Pleasant μSA TX 56,423
23%
Warren μSA PA 37,572
23%
Wenatchee MSA WA 124,795
23%
Williston μSA ND 39,113
23%
Winnemucca μSA NV 17,136
23%
Dickinson μSA ND 38,054
22%
Elizabethtown MSA KY 127,576
22%
Kahului MSA HI 164,264
22%
Los Alamos μSA NM 19,444
22%
Martin μSA TN 33,084
22%
Natchez μSA MS 53,375
22%
Plymouth μSA IN 46,352
22%
Rocky Mount MSA NC 145,383
22%
Weirton MSA WV 113,544
22%
Beckley MSA WV 111,428
21%
Bemidji μSA MN 46,718
21%
Breckenridge μSA CO 37,830
21%
Carbondale μSA IL 52,141
21%
Crescent City μSA CA 26,589
21%
Dalton MSA GA 144,722
21%
Daphne MSA AL 253,507
21%
Houghton μSA MI 39,771
21%
Kankakee MSA IL 105,940
21%
Klamath Falls μSA OR 70,003
21%
Marshall μSA MN 25,427
21%
Marshall μSA MO 23,049
21%
Slidell MSA LA 275,583
21%
Alamogordo μSA NM 68,835
20%
Hammond MSA LA 138,064
20%
Hobbs μSA NM 72,101
20%
Hudson μSA NY 60,470
20%
Marion μSA IL 66,706
20%
Marion μSA IN 66,200
20%
Marion μSA OH 64,851
20%
Marion μSA NC 44,893
20%
Rexburg μSA ID 68,743
20%
Brattleboro μSA VT 45,966
19%
Clinton μSA IA 46,158
19%
Gadsden MSA AL 103,241
19%
Garden City μSA KS 37,466
19%
Glens Falls MSA NY 125,427
19%
Nacogdoches μSA TX 65,375
19%
New Castle μSA IN 48,929
19%
Okeechobee μSA FL 41,427
19%
Camden μSA AR 26,434
18%
Chambersburg MSA PA 157,854
18%
Hastings μSA NE 40,366
18%
Iron Mountain μSA MI 30,664
18%
Keene μSA NH 77,703
18%
Liberal μSA KS 21,067
18%
Sebastian MSA FL 169,795
18%
Seneca μSA SC 81,221
18%
Steamboat Springs μSA CO 38,391
18%
Sterling μSA IL 54,498
18%
Sterling μSA CO 20,619
18%
Sturgis μSA MI 60,878
18%
Sumter MSA SC 104,165
18%
Truckee μSA CA 102,037
18%
Zanesville μSA OH 86,305
18%
Bennington μSA VT 37,183
17%
Easton μSA MD 37,823
17%
Hays μSA KS 28,810
17%
Huron μSA SD 19,591
17%
New Bern μSA NC 124,215
17%
Spearfish μSA SD 28,053
17%
Starkville μSA MS 61,191
17%
The Dalles μSA OR 26,333
17%
Uvalde μSA TX 24,960
17%
Barre μSA VT 60,142
16%
Centralia μSA WA 86,154
16%
Centralia μSA IL 36,673
16%
Goldsboro MSA NC 118,686
16%
Hanford MSA CA 152,682
16%
Hannibal μSA MO 38,825
16%
Hermiston μSA OR 92,355
16%
Mountain Home μSA AR 42,875
16%
Mountain Home μSA ID 29,724
16%
Muskogee μSA OK 66,677
16%
Norwalk μSA OH 58,199
16%
Pahrump μSA NV 55,720
16%
Winona μSA MN 49,721
16%
Brainerd μSA MN 99,750
15%
Cadillac μSA MI 49,433
15%
Douglas μSA GA 51,610
15%
Dublin μSA GA 59,223
15%
East Stroudsburg μSA PA 166,053
15%
Greenwood μSA SC 93,894
15%
Greenwood μSA MS 35,913
15%
Hutchinson μSA KS 61,497
15%
Hutchinson μSA MN 36,785
15%
Marietta μSA OH 58,577
15%
Mitchell μSA SD 25,792
15%
Niles MSA MI 152,261
15%
Punta Gorda MSA FL 206,134
15%
Rifle μSA CO 79,347
15%
Riverton μSA WY 39,815
15%
Sebring MSA FL 107,614
15%
Stevens Point μSA WI 71,024
15%
Talladega μSA AL 91,400
15%
Vermillion μSA SD 15,431
15%
Yankton μSA SD 23,517
15%
Amsterdam μSA NY 49,368
14%
Bedford μSA IN 45,084
14%
Chillicothe μSA OH 76,501
14%
Clarksburg μSA WV 88,707
14%
Corning μSA NY 92,162
14%
Ellensburg μSA WA 45,508
14%
Findlay μSA OH 74,704
14%
Guymon μSA OK 20,371
14%
Hood River μSA OR 23,745
14%
Lufkin μSA TX 87,319
14%
Manitowoc μSA WI 81,331
14%
Massena μSA NY 106,940
14%
Natchitoches μSA LA 36,291
14%
Ruston μSA LA 47,962
14%
Shawnee μSA OK 73,791
14%
Torrington μSA CT 113,463
14%
Alamosa μSA CO 27,804
13%
Albert Lea μSA MN 30,515
13%
Alpena μSA MI 28,904
13%
Cañon City μSA CO 50,318
13%
Emporia μSA KS 34,751
13%
Escanaba μSA MI 36,790
13%
Greenfield μSA MA 70,836
13%
Homosassa Springs MSA FL 166,696
13%
Jasper μSA IN 43,546
13%
Lake City μSA FL 73,063
13%
Lexington Park MSA MD 210,009
13%
Montrose μSA CO 44,156
13%
Morristown MSA TN 124,054
13%
Moses Lake μSA WA 102,678
13%
Ottawa μSA IL 146,599
13%
Ottawa μSA KS 26,125
13%
Ottumwa μSA IA 35,166
13%
Pontiac μSA IL 35,320
13%
Rolla μSA MO 45,284
13%
Sandpoint μSA ID 52,547
13%
Vernal μSA UT 37,747
13%
Arkadelphia μSA AR 21,274
12%
Bartlesville μSA OK 53,706
12%
Blackfoot μSA ID 50,395
12%
Cortland μSA NY 45,752
12%
El Dorado μSA AR 37,397
12%
Fairmont μSA WV 55,807
12%
Fairmont μSA MN 19,657
12%
Faribault μSA MN 67,948
12%
Fort Dodge μSA IA 36,485
12%
Laconia μSA NH 65,027
12%
Laurel μSA MS 82,263
12%
Mason City μSA IA 49,703
12%
Oil City μSA PA 49,431
12%
Orangeburg μSA SC 82,820
12%
Ozark μSA AL 49,871
12%
Pecos μSA TX 11,770
12%
Seaford μSA DE 263,509
12%
Seneca Falls μSA NY 32,349
12%
Show Low μSA AZ 109,175
12%
Silver City μSA NM 27,472
12%
St. Marys μSA PA 30,198
12%
Wilson μSA NC 78,970
12%
Ardmore μSA OK 48,596
11%
Baker City μSA OR 16,912
11%
Batavia μSA NY 57,529
11%
Big Spring μSA TX 30,554
11%
Bloomsburg μSA PA 65,439
11%
Brigham City μSA UT 67,637
11%
Cookeville μSA TN 148,226
11%
Deming μSA NM 25,316
11%
Elizabeth City μSA NC 41,444
11%
Enterprise μSA AL 55,643
11%
Freeport μSA IL 43,105
11%
Hinesville MSA GA 88,804
11%
Kerrville μSA TX 53,915
11%
Lewisburg μSA PA 42,042
11%
Lewisburg μSA TN 36,961
11%
Marinette μSA WI 65,051
11%
Marshalltown μSA IA 40,014
11%
Martinsville μSA VA 63,465
11%
Mayaguez MSA PR 207,877
11%
Monticello μSA NY 79,920
11%
Monticello μSA IN 24,917
11%
New Iberia μSA LA 67,659
11%
Oneonta μSA NY 60,126
11%
Palestine μSA TX 57,736
11%
Plainview μSA TX 36,851
11%
Red Wing μSA MN 48,035
11%
Roseburg μSA OR 112,435
11%
Sevierville μSA TN 99,415
11%
Shelby μSA NC 101,378
11%
Susanville μSA CA 28,861
11%
Union City μSA TN 30,411
11%
Aguadilla MSA PR 250,435
10%
Angola μSA IN 34,917
10%
Bluefield μSA WV 97,177
10%
Detroit Lakes μSA MN 35,283
10%
Dumas μSA TX 21,190
10%
Edwards μSA CO 54,381
10%
Española μSA NM 39,876
10%
Fort Morgan μSA CO 29,524
10%
Glasgow μSA KY 55,490
10%
Hillsdale μSA MI 45,587
10%
Kapaa μSA HI 73,851
10%
Kill Devil Hills μSA NC 38,110
10%
Macomb μSA IL 26,839
10%
Menomonie μSA WI 45,794
10%
Murray μSA KY 38,280
10%
Paragould μSA AR 46,743
10%
Peru μSA IN 35,402
10%
Poplar Bluff μSA MO 41,948
10%
Port Townsend μSA WA 33,714
10%
Russellville μSA AR 84,637
10%
Russellville μSA AL 31,802
10%
Somerset μSA PA 72,197
10%
Somerset μSA KY 66,191
10%
Statesboro μSA GA 95,081
10%
Ukiah μSA CA 89,108
10%
Vincennes μSA IN 36,070
10%
Wahpeton μSA ND 22,864
10%
Whitewater μSA WI 105,822
10%
Adrian μSA MI 97,520
9%
Atchison μSA KS 16,016
9%
Baraboo μSA WI 65,920
9%
Bishop μSA CA 18,527
9%
Bradford μSA PA 39,519
9%
Corinth μSA MS 34,135
9%
Defiance μSA OH 38,315
9%
DuBois μSA PA 77,090
9%
Fallon μSA NV 25,803
9%
Fergus Falls μSA MN 60,626
9%
Heber City μSA UT 79,903
9%
Kirksville μSA MO 29,175
9%
La Grande μSA OR 25,944
9%
LaGrange μSA GA 104,821
9%
Lake of the Woods μSA VA 38,574
9%
Lumberton μSA NC 117,365
9%
Madisonville μSA KY 44,929
9%
Maryville μSA MO 20,695
9%
Mexico μSA MO 24,394
9%
Muscatine μSA IA 42,218
9%
Oak Harbor μSA WA 86,267
9%
Olean μSA NY 75,600
9%
Petoskey μSA MI 34,123
9%
Pikeville μSA KY 90,396
9%
Pinehurst MSA NC 106,898
9%
Ponca City μSA OK 43,641
9%
Price μSA UT 20,609
9%
Red Bluff μSA CA 64,896
9%
Rio Grande City μSA TX 65,934
9%
Sanford μSA NC 67,059
9%
Searcy μSA AR 78,452
9%
Sedalia μSA MO 43,530
9%
Sulphur Springs μSA TX 38,172
9%
Tahlequah μSA OK 48,185
9%
Warsaw μSA IN 80,364
9%
Weatherford μSA OK 39,002
9%
Wisconsin Rapids μSA WI 73,939
9%
Arecibo MSA PR 179,470
8%
Arkansas City μSA KS 34,157
8%
Beatrice μSA NE 21,634
8%
Carroll μSA IA 20,522
8%
Clearlake μSA CA 67,878
8%
Cullman μSA AL 92,016
8%
Durant μSA OK 48,967
8%
Dyersburg μSA TN 36,498
8%
Effingham μSA IL 44,592
8%
Galesburg μSA IL 48,411
8%
Kingsville μSA TX 30,069
8%
Ludington μSA MI 29,159
8%
Mayfield μSA KY 36,461
8%
Morgan City μSA LA 47,055
8%
Owatonna μSA MN 37,421
8%
Pampa μSA TX 21,756
8%
Payson μSA AZ 54,003
8%
Pottsville μSA PA 143,786
8%
Putnam μSA CT 96,692
8%
Roanoke Rapids μSA NC 64,013
8%
Shelton μSA WA 68,389
8%
Sidney μSA OH 47,765
8%
Spencer μSA IA 16,511
8%
Sweetwater μSA TX 14,306
8%
Tifton μSA GA 50,463
8%
Wabash μSA IN 30,670
8%
Wooster μSA OH 116,510
8%
Worthington μSA MN 21,727
8%
Alice μSA TX 45,510
7%
Andrews μSA TX 18,664
7%
Arcadia μSA FL 35,979
7%
Beaver Dam μSA WI 88,231
7%
Beeville μSA TX 30,850
7%
Big Rapids μSA MI 41,099
7%
Blytheville μSA AR 38,663
7%
Burley μSA ID 48,176
7%
Calhoun μSA GA 59,757
7%
Coldwater μSA MI 45,215
7%
Corsicana μSA TX 55,635
7%
Elk City μSA OK 22,042
7%
Fort Payne μSA AL 72,569
7%
Gloversville μSA NY 52,234
7%
Hereford μSA TX 18,347
7%
Kingsland μSA GA 58,118
7%
Meadville μSA PA 82,001
7%
New Ulm μSA MN 25,628
7%
Opelousas μSA LA 81,464
7%
Othello μSA WA 20,820
7%
Palatka μSA FL 75,955
7%
Platteville μSA WI 51,409
7%
Sayre μSA PA 59,695
7%
Seymour μSA IN 46,460
7%
Sikeston μSA MO 49,711
7%
Snyder μSA TX 16,212
7%
Sonora μSA CA 54,204
7%
Storm Lake μSA IA 20,567
7%
Thomasville μSA GA 71,715
7%
Tiffin μSA OH 54,527
7%
Van Wert μSA OH 28,704
7%
Waynesville μSA NC 62,969
7%
Willmar μSA MN 43,813
7%
Alexander City μSA AL 40,677
6%
Alma μSA MI 41,368
6%
Bainbridge μSA GA 29,087
6%
Bogalusa μSA LA 44,865
6%
Borger μSA TX 20,033
6%
Brookhaven μSA MS 34,702
6%
Celina μSA OH 42,439
6%
Clarksdale μSA MS 20,077
6%
Clewiston μSA FL 56,119
6%
Crawfordsville μSA IN 38,573
6%
Dixon μSA IL 33,654
6%
Duncan μSA OK 44,014
6%
Forrest City μSA AR 22,101
6%
Fort Madison μSA IA 32,565
6%
Gallipolis μSA OH 28,986
6%
Greensburg μSA IN 26,399
6%
Grenada μSA MS 30,665
6%
Hailey μSA ID 31,723
6%
Hermitage μSA PA 108,503
6%
Huntingdon μSA PA 43,514
6%
Le Mars μSA IA 25,722
6%
Lock Haven μSA PA 37,607
6%
Logansport μSA IN 37,666
6%
Magnolia μSA AR 22,150
6%
McAlester μSA OK 43,479
6%
McComb μSA MS 53,257
6%
McPherson μSA KS 30,091
6%
Milledgeville μSA GA 43,396
6%
Minden μSA LA 35,238
6%
Mount Airy μSA NC 71,462
6%
Owosso μSA MI 68,025
6%
Pella μSA IA 33,770
6%
Port Lavaca μSA TX 19,696
6%
Rochelle μSA IL 51,265
6%
Ruidoso μSA NM 20,029
6%
Scottsboro μSA AL 53,467
6%
Shawano μSA WI 45,335
6%
Shelbyville μSA TN 53,055
6%
Stephenville μSA TX 44,195
6%
Summerville μSA GA 25,222
6%
Sunbury μSA PA 107,980
6%
Vernon μSA TX 12,522
6%
Warrensburg μSA MO 54,962
6%
Washington Court House μSA OH 28,817
6%
Waycross μSA GA 56,668
6%
Woodward μSA OK 19,947
6%
Zapata μSA TX 13,736
6%
Albertville μSA AL 100,756
5%
Altus μSA OK 24,669
5%
Americus μSA GA 33,416
5%
Batesville μSA AR 38,320
5%
Bellefontaine μSA OH 46,057
5%
Bonham μSA TX 37,571
5%
Brenham μSA TX 37,007
5%
Brownwood μSA TX 38,709
5%
Bucyrus μSA OH 41,529
5%
Corbin μSA KY 149,563
5%
Coshocton μSA OH 36,869
5%
Crossville μSA TN 64,760
5%
Elkins μSA WV 27,350
5%
Eufaula μSA AL 26,865
5%
Fort Leonard Wood μSA MO 53,812
5%
Gaffney μSA SC 56,714
5%
Gardnerville Ranchos μSA NV 50,686
5%
Granbury μSA TX 67,774
5%
Great Bend μSA KS 24,899
5%
Greencastle μSA IN 37,567
5%
Greeneville μSA TN 72,577
5%
Kinston μSA NC 54,895
5%
Laurinburg μSA NC 34,376
5%
Lawrenceburg μSA TN 46,114
5%
Lewistown μSA PA 45,922
5%
McMinnville μSA TN 42,638
5%
Middlesborough μSA KY 23,317
5%
Mineral Wells μSA TX 29,747
5%
Morehead City μSA NC 69,615
5%
Newberry μSA SC 38,825
5%
Raymondville μSA TX 20,037
5%
Rice Lake μSA WI 46,833
5%
Rockingham μSA NC 42,324
5%
Safford μSA AZ 39,525
5%
Spirit Lake μSA IA 18,056
5%
Taylorville μSA IL 33,228
5%
Toccoa μSA GA 27,228
5%
Tullahoma μSA TN 67,381
5%
Vidalia μSA GA 35,801
5%
Vineyard Haven μSA MA 20,819
5%
Wapakoneta μSA OH 46,050
5%
West Plains μSA MO 40,735
5%
Albemarle μSA NC 65,699
4%
Brevard μSA NC 33,549
4%
Campbellsville μSA KY 37,911
4%
Cedartown μSA GA 44,223
4%
DeRidder μSA LA 36,827
4%
El Campo μSA TX 41,739
4%
Forest City μSA NC 65,507
4%
Guayama MSA PR 65,190
4%
Jesup μSA GA 31,373
4%
Kennett μSA MO 27,032
4%
Malvern μSA AR 33,258
4%
Moberly μSA MO 24,109
4%
Murrells Inlet μSA SC 65,731
4%
Ocean Pines μSA MD 54,171
4%
Oskaloosa μSA IA 21,874
4%
Picayune μSA MS 57,978
4%
Selinsgrove μSA PA 39,717
4%
Anderson Creek μSA NC 141,477
3%
Coamo μSA PR 53,355
3%
Connersville μSA IN 23,362
3%
Cordele μSA GA 19,631
3%
Cornelia μSA GA 48,757
3%
Fitzgerald μSA GA 17,128
3%
Hemlock Farms μSA PA 61,247
3%
Kendallville μSA IN 47,430
3%
Lares μSA PR 27,729
3%
Moultrie μSA GA 46,167
3%
Mount Sterling μSA KY 47,788
3%
North Wilkesboro μSA NC 66,013
3%
Thomaston μSA GA 28,263
3%
Utuado μSA PR 27,242
3%
No matching quizzes found
Score Distribution
Percent of People with Each Score
Percentile by Number Answered
Your Score History
You have not taken this quiz